[Event "Irena Warakomska Memorial A"]
[Site "Suwalki"]
[Date "2018.08.02"]
[Round "2"]
[White "Nowak, Lukasz"]
[Black "Popiol, Michal"]
[Result "1-0"]
[Board "44"]
[WhiteElo "2293"]
[WhiteCountry "POL"]
[WhiteFideId "1166760"]
[WhiteEloChange "6"]
[BlackElo "2126"]
[BlackCountry "POL"]
[BlackFideId "1144472"]
[BlackEloChange "-6"]

1. e4 {[%clk 1:30:30]} e6 {[%clk 1:30:30]} 2. d4 {[%clk 1:30:30]} d5 {[%clk
1:30:30]} 3. Nc3 {[%clk 1:30:30]} Nf6 {[%clk 1:30:30]} 4. Bg5 {[%clk 1:30:30]}
dxe4 {[%clk 1:30:30]} 5. Nxe4 {[%clk 1:30:30]} Be7 {[%clk 1:30:30]} 6. Bxf6
{[%clk 1:30:30]} gxf6 {[%clk 1:30:30]} 7. Qd2 {[%clk 1:30:30]} b6 {[%clk
1:30:30]} 8. O-O-O {[%clk 1:30:30]} Bb7 {[%clk 1:30:30]} 9. Nc3 {[%clk 1:30:30]}
c6 {[%clk 1:30:30]} 10. Be2 {[%clk 1:30:30]} Nd7 {[%clk 1:30:30]} 11. Bh5 {[%clk
1:30:30]} f5 {[%clk 1:30:30]} 12. Nf3 {[%clk 1:30:30]} Nf6 {[%clk 1:30:30]} 13.
Bxf7+ {[%clk 1:30:30]} Kxf7 {[%clk 1:30:30]} 14. Ng5+ {[%clk 1:30:30]} Ke8 {[%clk
1:30:30]} 15. Nxe6 {[%clk 1:30:30]} Qd7 {[%clk 1:30:30]} 16. Rhe1 {[%clk
1:30:30]} Rg8 {[%clk 1:30:30]} 17. Qf4 {[%clk 1:30:30]} Rxg2 {[%clk 1:30:30]} 18.
Qxf5 {[%clk 1:30:30]} Kf7 {[%clk 1:30:30]} 19. d5 {[%clk 1:30:30]} cxd5 {[%clk
1:30:30]} 20. Ne4 {[%clk 1:30:30]} Bc6 {[%clk 1:30:30]} 21. Nxf6 {[%clk 1:30:30]}
Bxf6 {[%clk 1:30:30]} 22. Qxh7+ {[%clk 1:30:30]} Bg7 {[%clk 1:30:30]} 23. Rd4
{[%clk 1:30:30]} Qxe6 {[%clk 1:30:30]} 24. Rf4+ {[%clk 1:30:30]} Qf6 {[%clk
1:30:30]} 25. Rxf6+ {[%clk 1:30:30]} Kxf6 {[%clk 1:30:30]} 26. Qh3 {[%clk
1:30:30]} 1-0

[Event "Irena Warakomska Memorial A"]
[Site "Suwalki"]
[Date "2018.08.03"]
[Round "3"]
[White "Sadzikowski, Daniel"]
[Black "Lewtak, Damian"]
[Result "1/2-1/2"]
[Board "9"]
[WhiteElo "2567"]
[WhiteTitle "GM"]
[WhiteCountry "POL"]
[WhiteFideId "1132253"]
[WhiteEloChange "-3"]
[BlackElo "2358"]
[BlackCountry "POL"]
[BlackFideId "1141724"]
[BlackEloChange "5"]

1. Nf3 {[%clk 1:30:52]} Nf6 {[%clk 1:30:55]} 2. c4 {[%clk 1:30:58]} g6 {[%clk
1:31:20]} 3. b3 {[%clk 1:28:14]} Bg7 {[%clk 1:28:24]} 4. Bb2 {[%clk 1:28:39]} d6
{[%clk 1:27:38]} 5. g3 {[%clk 1:26:40]} e5 {[%clk 1:25:32]} 6. d3 {[%clk
1:26:39]} O-O {[%clk 1:23:15]} 7. Bg2 {[%clk 1:27:06]} Bg4 {[%clk 1:21:21]} 8. h3
{[%clk 1:23:55]} Bxf3 {[%clk 1:21:43]} 9. Bxf3 {[%clk 1:24:08]} Nc6 {[%clk
1:22:03]} 10. Nc3 {[%clk 1:22:34]} a5 {[%clk 1:18:27]} 11. e3 {[%clk 1:19:30]}
Qd7 {[%clk 1:17:25]} 12. a3 {[%clk 1:15:17]} Rfe8 {[%clk 1:16:19]} 13. Qd2 {[%clk
1:11:57]} Rab8 {[%clk 1:13:37]} 14. Kf1 {[%clk 1:11:07]} Ne7 {[%clk 1:13:02]} 15.
Kg2 {[%clk 1:01:33]} d5 {[%clk 1:10:37]} 16. Rhd1 {[%clk 0:44:00]} b6 {[%clk
1:06:23]} 17. d4 {[%clk 0:36:15]} e4 {[%clk 0:59:44]} 18. Be2 {[%clk 0:36:40]}
Nf5 {[%clk 0:57:58]} 19. Nxd5 {[%clk 0:33:19]} Nxd5 {[%clk 0:54:09]} 20. cxd5
{[%clk 0:33:48]} Bf8 {[%clk 0:54:29]} 21. a4 {[%clk 0:30:01]} Qxd5 {[%clk
0:43:03]} 22. Bc4 {[%clk 0:27:54]} Qd8 {[%clk 0:36:37]} 23. Qe2 {[%clk 0:28:14]}
Bd6 {[%clk 0:32:55]} 24. Ba3 {[%clk 0:28:09]} Bxa3 {[%clk 0:31:23]} 25. Rxa3
{[%clk 0:28:36]} Qf6 {[%clk 0:20:09]} 26. Ra2 {[%clk 0:28:30]} h5 {[%clk
0:16:30]} 27. Rc2 {[%clk 0:28:43]} c6 {[%clk 0:11:30]} 28. Qe1 {[%clk 0:25:27]}
Rbd8 {[%clk 0:09:35]} 29. Be2 {[%clk 0:23:33]} h4 {[%clk 0:08:50]} 30. g4 {[%clk
0:23:28]} Ne7 {[%clk 0:09:18]} 31. b4 {[%clk 0:22:02]} axb4 {[%clk 0:09:12]} 32.
Qxb4 {[%clk 0:22:20]} Nd5 {[%clk 0:09:40]} 33. Qe1 {[%clk 0:20:45]} Ra8 {[%clk
0:07:54]} 34. Rdc1 {[%clk 0:20:32]} Re6 {[%clk 0:08:11]} 35. Rc4 {[%clk 0:20:47]}
Rd6 {[%clk 0:07:53]} 36. Qd1 {[%clk 0:19:54]} c5 {[%clk 0:06:50]} 37. Kg1 {[%clk
0:13:56]} Rad8 {[%clk 0:05:38]} 38. Qf1 {[%clk 0:10:46]} cxd4 {[%clk 0:03:32]}
39. Rxd4 {[%clk 0:11:05]} Qe5 {[%clk 0:01:41]} 40. Bc4 {[%clk 0:33:33]} Nf6
{[%clk 0:31:05]} 41. Rxd6 {[%clk 0:33:47]} Rxd6 {[%clk 0:31:23]} 42. Qe1 {[%clk
0:20:53]} Kg7 {[%clk 0:20:23]} 43. Bf1 {[%clk 0:16:05]} Nh7 {[%clk 0:19:29]} 44.
Qc3 {[%clk 0:12:41]} Qxc3 {[%clk 0:19:49]} 45. Rxc3 {[%clk 0:13:10]} Ng5 {[%clk
0:20:12]} 46. Bg2 {[%clk 0:07:42]} f5 {[%clk 0:15:30]} 47. gxf5 {[%clk 0:07:56]}
gxf5 {[%clk 0:15:55]} 48. Rb3 {[%clk 0:07:59]} Kf6 {[%clk 0:11:27]} 49. Rb5
{[%clk 0:08:26]} Rc6 {[%clk 0:10:38]} 50. a5 {[%clk 0:04:35]} bxa5 {[%clk
0:11:03]} 51. Rxa5 {[%clk 0:05:04]} Rd6 {[%clk 0:08:38]} 52. Ra8 {[%clk 0:05:21]}
Nf7 {[%clk 0:07:58]} 53. f4 {[%clk 0:02:59]} exf3 {[%clk 0:04:40]} 54. Bxf3
{[%clk 0:03:28]} Ng5 {[%clk 0:04:24]} 55. Bg2 {[%clk 0:03:36]} Rd1+ {[%clk
0:04:34]} 56. Kf2 {[%clk 0:03:55]} Rd2+ {[%clk 0:04:45]} 57. Kf1 {[%clk 0:04:16]}
Nf7 {[%clk 0:04:25]} 58. Ra4 {[%clk 0:03:20]} Kg5 {[%clk 0:04:11]} 59. e4 {[%clk
0:03:12]} fxe4 {[%clk 0:02:43]} 1/2-1/2

[Event "Irena Warakomska Memorial A"]
[Site "Suwalki"]
[Date "2018.08.03"]
[Round "3"]
[White "Rahul Srivatshav P"]
[Black "Stupak, Kirill"]
[Result "1/2-1/2"]
[Board "10"]
[WhiteElo "2397"]
[WhiteTitle "IM"]
[WhiteCountry "IND"]
[WhiteFideId "25059653"]
[WhiteEloChange "5"]
[BlackElo "2575"]
[BlackTitle "GM"]
[BlackCountry "BLR"]
[BlackFideId "13503758"]
[BlackEloChange "-2"]

1. d4 {[%clk 1:30:56]} g6 {[%clk 1:30:57]} 2. c4 {[%clk 1:30:10]} Bg7 {[%clk
1:31:24]} 3. Nf3 {[%clk 1:30:16]} e6 {[%clk 1:31:50]} 4. g3 {[%clk 1:25:57]} Ne7
{[%clk 1:31:40]} 5. Bg2 {[%clk 1:24:40]} d5 {[%clk 1:31:59]} 6. O-O {[%clk
1:20:21]} Nbc6 {[%clk 1:31:31]} 7. e3 {[%clk 1:14:08]} O-O {[%clk 1:30:02]} 8.
Nc3 {[%clk 1:08:27]} dxc4 {[%clk 1:25:10]} 9. Qa4 {[%clk 1:01:49]} e5 {[%clk
1:23:54]} 10. Nxe5 {[%clk 0:55:06]} Nxe5 {[%clk 1:22:09]} 11. dxe5 {[%clk
0:55:22]} c6 {[%clk 1:20:23]} 12. f4 {[%clk 0:41:36]} Be6 {[%clk 1:13:47]} 13.
Qb4 {[%clk 0:38:59]} Qc7 {[%clk 0:53:40]} 14. e4 {[%clk 0:28:44]} Rfd8 {[%clk
0:46:35]} 15. Be3 {[%clk 0:29:00]} b6 {[%clk 0:46:30]} 16. Rad1 {[%clk 0:26:58]}
Bf8 {[%clk 0:39:07]} 17. Qa4 {[%clk 0:25:52]} h5 {[%clk 0:35:43]} 18. h3 {[%clk
0:21:18]} Rd3 {[%clk 0:30:05]} 19. Rxd3 {[%clk 0:13:06]} cxd3 {[%clk 0:30:21]}
20. Rd1 {[%clk 0:13:18]} Rd8 {[%clk 0:30:45]} 21. Bf1 {[%clk 0:12:51]} a5 {[%clk
0:22:30]} 22. Rd2 {[%clk 0:09:45]} c5 {[%clk 0:16:27]} 23. Rxd3 {[%clk 0:07:49]}
Rxd3 {[%clk 0:16:31]} 24. Bxd3 {[%clk 0:08:16]} Bxh3 {[%clk 0:16:53]} 25. Nd5
{[%clk 0:05:44]} Qd8 {[%clk 0:17:15]} 26. Bc4 {[%clk 0:05:16]} Nxd5 {[%clk
0:12:41]} 27. exd5 {[%clk 0:05:21]} Bd7 {[%clk 0:13:09]} 28. Qc2 {[%clk 0:04:21]}
b5 {[%clk 0:13:25]} 29. Bd3 {[%clk 0:04:32]} c4 {[%clk 0:13:18]} 30. Be4 {[%clk
0:04:25]} Qc8 {[%clk 0:10:34]} 31. d6 {[%clk 0:03:45]} Be6 {[%clk 0:11:04]} 32.
a3 {[%clk 0:02:24]} b4 {[%clk 0:11:20]} 33. axb4 {[%clk 0:02:42]} axb4 {[%clk
0:11:49]} 34. Qa4 {[%clk 0:01:59]} b3 {[%clk 0:09:20]} 35. Bd4 {[%clk 0:02:28]}
h4 {[%clk 0:08:31]} 36. Qc6 {[%clk 0:02:07]} Qb8 {[%clk 0:07:24]} 37. Qb7 {[%clk
0:02:30]} Qxb7 {[%clk 0:06:27]} 38. Bxb7 {[%clk 0:02:58]} hxg3 {[%clk 0:06:56]}
39. Kg2 {[%clk 0:01:25]} f6 {[%clk 0:07:01]} 40. Kxg3 {[%clk 0:30:46]} fxe5
{[%clk 0:34:22]} 41. fxe5 {[%clk 0:28:35]} Bh6 {[%clk 0:34:26]} 42. Kf2 {[%clk
0:27:39]} Kf7 {[%clk 0:33:55]} 43. Bc3 {[%clk 0:27:35]} 1/2-1/2

[Event "Irena Warakomska Memorial A"]
[Site "Suwalki"]
[Date "2018.08.03"]
[Round "3"]
[White "Fedorov, Alexei"]
[Black "Debarshi, Mukherjee"]
[Result "1-0"]
[Board "11"]
[WhiteElo "2572"]
[WhiteTitle "GM"]
[WhiteCountry "BLR"]
[WhiteFideId "13500465"]
[WhiteEloChange "2"]
[BlackElo "2292"]
[BlackCountry "IND"]
[BlackFideId "5007291"]
[BlackEloChange "-3"]

1. e4 {[%clk 1:30:56]} c5 {[%clk 1:30:12]} 2. g3 {[%clk 1:31:09]} d5 {[%clk
1:28:13]} 3. exd5 {[%clk 1:31:33]} Qxd5 {[%clk 1:28:36]} 4. Nf3 {[%clk 1:31:59]}
Bg4 {[%clk 1:28:09]} 5. Bg2 {[%clk 1:32:21]} Qe6+ {[%clk 1:28:27]} 6. Kf1 {[%clk
1:32:46]} Nc6 {[%clk 1:28:41]} 7. h3 {[%clk 1:32:51]} Bh5 {[%clk 1:28:22]} 8. d3
{[%clk 1:32:57]} Qd7 {[%clk 1:26:08]} 9. Nc3 {[%clk 1:28:21]} Nf6 {[%clk
1:17:23]} 10. g4 {[%clk 1:26:47]} Bg6 {[%clk 1:17:18]} 11. Nh4 {[%clk 1:27:13]}
e6 {[%clk 1:15:46]} 12. a4 {[%clk 1:19:28]} Rd8 {[%clk 1:08:20]} 13. Nxg6 {[%clk
1:17:26]} hxg6 {[%clk 1:08:40]} 14. a5 {[%clk 1:12:46]} c4 {[%clk 0:53:18]} 15.
g5 {[%clk 1:00:55]} Nh5 {[%clk 0:50:07]} 16. Be3 {[%clk 0:55:09]} cxd3 {[%clk
0:41:51]} 17. Qxd3 {[%clk 0:47:16]} Qxd3+ {[%clk 0:36:40]} 18. cxd3 {[%clk
0:47:42]} a6 {[%clk 0:37:00]} 19. d4 {[%clk 0:46:55]} Bd6 {[%clk 0:32:25]} 20. d5
{[%clk 0:41:42]} exd5 {[%clk 0:30:10]} 21. Nxd5 {[%clk 0:37:22]} O-O {[%clk
0:25:36]} 22. Ra4 {[%clk 0:30:10]} Rfe8 {[%clk 0:24:04]} 23. h4 {[%clk 0:29:10]}
Bb8 {[%clk 0:18:44]} 24. Bb6 {[%clk 0:24:06]} Rd7 {[%clk 0:16:48]} 25. Re4 {[%clk
0:17:32]} Re6 {[%clk 0:12:18]} 26. Re1 {[%clk 0:13:52]} Red6 {[%clk 0:07:08]} 27.
Nc3 {[%clk 0:07:01]} Nf4 {[%clk 0:05:06]} 28. Bf3 {[%clk 0:05:33]} Rd2 {[%clk
0:03:28]} 29. Re8+ {[%clk 0:02:15]} Kh7 {[%clk 0:03:57]} 30. h5 {[%clk 0:02:37]}
gxh5 {[%clk 0:03:45]} 31. Be3 {[%clk 0:02:43]} Rd8 {[%clk 0:01:29]} 32. Re4
{[%clk 0:02:15]} R2d3 {[%clk 0:01:01]} 33. Rxf4 {[%clk 0:02:17]} Bxf4 {[%clk
0:01:15]} 34. Be4+ {[%clk 0:02:18]} Kg8 {[%clk 0:00:37]} 35. Bxf4 {[%clk
0:02:37]} R3d4 {[%clk 0:00:48]} 36. Rxh5 {[%clk 0:02:33]} Rb4 {[%clk 0:01:00]}
37. Bc7 {[%clk 0:01:54]} Rd2 {[%clk 0:00:38]} 38. g6 {[%clk 0:01:07]} Rbxb2
{[%clk 0:00:36]} 39. Bd5 {[%clk 0:00:53]} Rxf2+ {[%clk 0:00:32]} 40. Kg1 {[%clk
0:31:08]} Rfc2 {[%clk 0:30:31]} 41. gxf7+ {[%clk 0:31:21]} 1-0

[Event "Irena Warakomska Memorial A"]
[Site "Suwalki"]
[Date "2018.08.03"]
[Round "3"]
[White "Kanarek, Marcel"]
[Black "Grebeniuk, Semen"]
[Result "1/2-1/2"]
[Board "12"]
[WhiteElo "2508"]
[WhiteTitle "GM"]
[WhiteCountry "POL"]
[WhiteFideId "1126822"]
[WhiteEloChange "-3"]
[BlackElo "2311"]
[BlackCountry "UKR"]
[BlackFideId "14117509"]
[BlackEloChange "5"]

1. e4 {[%clk 1:30:51]} g6 {[%clk 1:27:16]} 2. d4 {[%clk 1:31:01]} Bg7 {[%clk
1:27:38]} 3. Nc3 {[%clk 1:30:14]} c6 {[%clk 1:26:43]} 4. f4 {[%clk 1:30:02]} d5
{[%clk 1:26:39]} 5. e5 {[%clk 1:30:26]} Nh6 {[%clk 1:24:39]} 6. Nf3 {[%clk
1:16:02]} Bg4 {[%clk 1:24:20]} 7. h3 {[%clk 1:15:43]} Bxf3 {[%clk 1:24:40]} 8.
Qxf3 {[%clk 1:16:07]} Nf5 {[%clk 0:57:19]} 9. Ne2 {[%clk 1:15:28]} c5 {[%clk
0:57:32]} 10. dxc5 {[%clk 1:13:50]} Nc6 {[%clk 0:56:33]} 11. c3 {[%clk 0:53:47]}
e6 {[%clk 0:52:48]} 12. g4 {[%clk 0:32:21]} Nh4 {[%clk 0:50:55]} 13. Qf2 {[%clk
0:32:16]} g5 {[%clk 0:50:05]} 14. fxg5 {[%clk 0:31:41]} Nxe5 {[%clk 0:49:58]} 15.
Nd4 {[%clk 0:31:07]} Nhg6 {[%clk 0:45:17]} 16. Bb5+ {[%clk 0:27:04]} Nd7 {[%clk
0:45:40]} 17. O-O {[%clk 0:21:42]} O-O {[%clk 0:46:02]} 18. Bxd7 {[%clk 0:20:44]}
Qxd7 {[%clk 0:46:21]} 19. Be3 {[%clk 0:20:49]} Rac8 {[%clk 0:44:39]} 20. Rad1
{[%clk 0:16:35]} Ne5 {[%clk 0:42:42]} 21. Bf4 {[%clk 0:13:06]} Rfe8 {[%clk
0:36:28]} 22. Bxe5 {[%clk 0:11:35]} Bxe5 {[%clk 0:36:48]} 23. b4 {[%clk 0:11:49]}
Rc7 {[%clk 0:33:15]} 24. Qe2 {[%clk 0:08:38]} Bg7 {[%clk 0:22:53]} 25. Nb5 {[%clk
0:08:34]} Rc6 {[%clk 0:21:23]} 26. Nxa7 {[%clk 0:04:03]} Bxc3 {[%clk 0:20:12]}
27. Nxc6 {[%clk 0:03:53]} bxc6 {[%clk 0:20:35]} 28. Qc4 {[%clk 0:02:28]} Bg7
{[%clk 0:19:30]} 29. Qb3 {[%clk 0:02:17]} Qe7 {[%clk 0:18:29]} 30. Qe3 {[%clk
0:01:43]} e5 {[%clk 0:13:19]} 31. b5 {[%clk 0:02:09]} e4 {[%clk 0:13:44]} 32. b6
{[%clk 0:00:35]} d4 {[%clk 0:13:55]} 33. Rxd4 {[%clk 0:00:46]} Qxc5 {[%clk
0:11:45]} 34. Rfd1 {[%clk 0:00:34]} Qxb6 {[%clk 0:09:57]} 35. R4d3 {[%clk
0:00:55]} c5 {[%clk 0:09:36]} 36. Rd6 {[%clk 0:00:52]} Qa5 {[%clk 0:05:34]} 37.
R6d5 {[%clk 0:01:18]} Qxa2 {[%clk 0:05:31]} 38. Rxc5 {[%clk 0:01:17]} Be5 {[%clk
0:03:56]} 39. Qf2 {[%clk 0:00:33]} Qa4 {[%clk 0:01:28]} 40. Rcd5 {[%clk 0:30:34]}
e3 {[%clk 0:30:46]} 41. Qf3 {[%clk 0:14:19]} Bc7 {[%clk 0:13:55]} 42. Re1 {[%clk
0:08:54]} Qb3 {[%clk 0:08:16]} 43. Rd7 {[%clk 0:05:18]} Qc4 {[%clk 0:06:24]} 44.
Re2 {[%clk 0:04:05]} Bf4 {[%clk 0:03:58]} 45. Qd5 {[%clk 0:03:10]} Bh2+ {[%clk
0:01:40]} 46. Kh1 {[%clk 0:01:26]} Qf4 {[%clk 0:01:47]} 47. Qxf7+ {[%clk
0:00:34]} Qxf7 {[%clk 0:02:13]} 48. Rxf7 {[%clk 0:00:59]} Kxf7 {[%clk 0:02:40]}
49. Kxh2 {[%clk 0:01:18]} Re5 {[%clk 0:02:16]} 50. h4 {[%clk 0:01:06]} Ke6 {[%clk
0:02:25]} 51. Kg3 {[%clk 0:01:02]} Kd5 {[%clk 0:02:30]} 52. Kf4 {[%clk 0:00:59]}
Kd4 {[%clk 0:02:44]} 53. h5 {[%clk 0:01:12]} Re8 {[%clk 0:01:11]} 54. g6 {[%clk
0:01:16]} hxg6 {[%clk 0:01:19]} 55. h6 {[%clk 0:00:34]} Kd3 {[%clk 0:01:11]} 56.
Re1 {[%clk 0:00:47]} Kd2 {[%clk 0:00:55]} 57. Rh1 {[%clk 0:00:42]} e2 {[%clk
0:01:04]} 58. Kg5 {[%clk 0:01:02]} e1Q {[%clk 0:00:35]} 59. Rxe1 {[%clk 0:01:30]}
Rxe1 {[%clk 0:00:36]} 60. Kxg6 {[%clk 0:01:24]} Ke3 {[%clk 0:01:05]} 61. Kf5
{[%clk 0:00:35]} Rf1+ {[%clk 0:01:21]} 62. Kg6 {[%clk 0:00:37]} Kf4 {[%clk
0:01:39]} 63. h7 {[%clk 0:01:00]} Rh1 {[%clk 0:02:01]} 64. Kg7 {[%clk 0:01:22]}
Rxh7+ {[%clk 0:02:21]} 65. Kxh7 {[%clk 0:01:51]} Kxg4 {[%clk 0:02:41]} 1/2-1/2

[Event "Irena Warakomska Memorial A"]
[Site "Suwalki"]
[Date "2018.08.03"]
[Round "3"]
[White "Goluch, Piotr"]
[Black "Nasuta, Grzegorz"]
[Result "1/2-1/2"]
[Board "13"]
[WhiteElo "2332"]
[WhiteTitle "FM"]
[WhiteCountry "POL"]
[WhiteFideId "1137840"]
[WhiteEloChange "4"]
[BlackElo "2491"]
[BlackTitle "IM"]
[BlackCountry "POL"]
[BlackFideId "1141686"]
[BlackEloChange "-2"]

1. e4 {[%clk 1:30:56]} e5 {[%clk 1:30:53]} 2. Nf3 {[%clk 1:31:20]} Nc6 {[%clk
1:31:19]} 3. Bb5 {[%clk 1:31:46]} a6 {[%clk 1:31:41]} 4. Ba4 {[%clk 1:32:00]} Nf6
{[%clk 1:32:04]} 5. O-O {[%clk 1:32:11]} Be7 {[%clk 1:32:28]} 6. Re1 {[%clk
1:32:31]} b5 {[%clk 1:32:42]} 7. Bb3 {[%clk 1:32:56]} d6 {[%clk 1:32:52]} 8. c3
{[%clk 1:33:21]} O-O {[%clk 1:33:12]} 9. h3 {[%clk 1:33:33]} Nb8 {[%clk 1:33:35]}
10. d4 {[%clk 1:32:41]} Nbd7 {[%clk 1:33:56]} 11. Nbd2 {[%clk 1:32:25]} Bb7
{[%clk 1:34:19]} 12. Bc2 {[%clk 1:31:30]} Re8 {[%clk 1:34:43]} 13. b3 {[%clk
1:30:43]} Bf8 {[%clk 1:31:58]} 14. Bb2 {[%clk 1:28:47]} g6 {[%clk 1:30:43]} 15.
a4 {[%clk 1:27:29]} Bg7 {[%clk 1:27:12]} 16. dxe5 {[%clk 1:22:14]} dxe5 {[%clk
1:05:48]} 17. Qe2 {[%clk 1:20:35]} 1/2-1/2

[Event "Irena Warakomska Memorial A"]
[Site "Suwalki"]
[Date "2018.08.03"]
[Round "3"]
[White "Grinev, Valeriy"]
[Black "Fus, Jakub"]
[Result "0-1"]
[Board "22"]
[WhiteElo "2412"]
[WhiteTitle "IM"]
[WhiteCountry "UKR"]
[WhiteFideId "14117517"]
[WhiteEloChange "-8"]
[BlackElo "2195"]
[BlackCountry "POL"]
[BlackFideId "1193023"]
[BlackEloChange "16"]

1. Nf3 {[%clk 1:30:56]} Nf6 {[%clk 1:30:35]} 2. c4 {[%clk 1:31:14]} b6 {[%clk
1:30:40]} 3. g3 {[%clk 1:31:31]} Bb7 {[%clk 1:30:52]} 4. Bg2 {[%clk 1:31:50]} g6
{[%clk 1:31:08]} 5. O-O {[%clk 1:28:06]} Bg7 {[%clk 1:31:12]} 6. Nc3 {[%clk
1:28:25]} O-O {[%clk 1:30:48]} 7. Re1 {[%clk 1:24:10]} Ne4 {[%clk 1:30:02]} 8.
Na4 {[%clk 1:16:20]} Nc5 {[%clk 1:21:14]} 9. d4 {[%clk 1:08:12]} Nxa4 {[%clk
1:21:34]} 10. Qxa4 {[%clk 1:08:35]} Be4 {[%clk 1:08:35]} 11. Be3 {[%clk 0:50:54]}
d6 {[%clk 0:52:20]} 12. Rad1 {[%clk 0:48:52]} Qe8 {[%clk 0:51:07]} 13. Qa3 {[%clk
0:45:43]} c5 {[%clk 0:48:18]} 14. b4 {[%clk 0:27:32]} cxd4 {[%clk 0:44:58]} 15.
Bxd4 {[%clk 0:27:29]} Nd7 {[%clk 0:35:02]} 16. Bxg7 {[%clk 0:18:52]} Kxg7 {[%clk
0:35:22]} 17. Qe3 {[%clk 0:19:08]} Nf6 {[%clk 0:27:29]} 18. Nd4 {[%clk 0:18:49]}
Bxg2 {[%clk 0:27:48]} 19. Kxg2 {[%clk 0:19:13]} e5 {[%clk 0:25:07]} 20. Nf5+
{[%clk 0:18:52]} Kh8 {[%clk 0:23:15]} 21. Nxd6 {[%clk 0:17:23]} Qe6 {[%clk
0:22:24]} 22. c5 {[%clk 0:16:10]} bxc5 {[%clk 0:20:57]} 23. bxc5 {[%clk 0:16:30]}
Kg7 {[%clk 0:19:10]} 24. Qb3 {[%clk 0:13:18]} Qd7 {[%clk 0:17:37]} 25. Rc1 {[%clk
0:12:24]} Rab8 {[%clk 0:14:45]} 26. Qc3 {[%clk 0:11:14]} Qe6 {[%clk 0:15:07]} 27.
Red1 {[%clk 0:10:18]} Rfd8 {[%clk 0:13:31]} 28. Qc4 {[%clk 0:10:36]} Qe7 {[%clk
0:13:38]} 29. Rd2 {[%clk 0:09:04]} Rd7 {[%clk 0:13:43]} 30. Rcd1 {[%clk 0:08:44]}
Rc7 {[%clk 0:13:57]} 31. g4 {[%clk 0:03:39]} Rf8 {[%clk 0:08:15]} 32. c6 {[%clk
0:03:24]} Rb8 {[%clk 0:07:47]} 33. g5 {[%clk 0:01:22]} Nh5 {[%clk 0:07:00]} 34.
Ne4 {[%clk 0:00:46]} Rb4 {[%clk 0:06:52]} 35. Qc2 {[%clk 0:01:13]} Qe6 {[%clk
0:06:46]} 36. e3 {[%clk 0:01:19]} Rxc6 {[%clk 0:06:08]} 37. Qd3 {[%clk 0:01:44]}
Qg4+ {[%clk 0:05:45]} 38. Ng3 {[%clk 0:02:10]} Qxg5 {[%clk 0:04:44]} 39. Rc2
{[%clk 0:01:33]} Rf6 {[%clk 0:04:01]} 40. Rc4 {[%clk 0:31:17]} Rxc4 {[%clk
0:34:03]} 41. Qxc4 {[%clk 0:31:41]} Nxg3 {[%clk 0:33:02]} 42. hxg3 {[%clk
0:31:53]} Qf5 {[%clk 0:30:57]} 43. Qe2 {[%clk 0:29:29]} Qe4+ {[%clk 0:31:02]} 44.
Kg1 {[%clk 0:29:51]} h5 {[%clk 0:30:25]} 45. Rc1 {[%clk 0:30:02]} h4 {[%clk
0:29:01]} 46. gxh4 {[%clk 0:30:07]} Qxh4 {[%clk 0:29:11]} 47. Rc4 {[%clk
0:30:17]} Rxf2 {[%clk 0:28:04]} 48. Rxh4 {[%clk 0:30:38]} Rxe2 {[%clk 0:28:31]}
49. Ra4 {[%clk 0:30:56]} Rxe3 {[%clk 0:28:52]} 50. Kf2 {[%clk 0:31:20]} Rc3
{[%clk 0:29:14]} 51. Rxa7 {[%clk 0:31:44]} g5 {[%clk 0:29:33]} 52. a4 {[%clk
0:32:09]} Ra3 {[%clk 0:29:45]} 53. a5 {[%clk 0:32:33]} Kg6 {[%clk 0:29:59]} 54.
a6 {[%clk 0:32:57]} f5 {[%clk 0:30:02]} 55. Ra8 {[%clk 0:33:02]} Kh5 {[%clk
0:30:24]} 56. a7 {[%clk 0:33:12]} Kg4 {[%clk 0:30:50]} 57. Ke2 {[%clk 0:33:35]}
e4 {[%clk 0:31:13]} 58. Kd2 {[%clk 0:34:00]} f4 {[%clk 0:31:34]} 59. Ke2 {[%clk
0:34:21]} Ra2+ {[%clk 0:32:00]} 60. Kd1 {[%clk 0:34:45]} Kf3 {[%clk 0:32:18]} 0-1

[Event "Irena Warakomska Memorial A"]
[Site "Suwalki"]
[Date "2018.08.03"]
[Round "3"]
[White "Kokoszczynski, Jan"]
[Black "Tihonov, Jurij"]
[Result "1/2-1/2"]
[Board "23"]
[WhiteElo "2111"]
[WhiteCountry "POL"]
[WhiteFideId "1174460"]
[WhiteEloChange "7"]
[BlackElo "2385"]
[BlackTitle "GM"]
[BlackCountry "BLR"]
[BlackFideId "13500325"]
[BlackEloChange "-7"]

1. e4 {[%clk 1:30:58]} c5 {[%clk 1:30:41]} 2. Nf3 {[%clk 1:31:20]} d6 {[%clk
1:31:00]} 3. d4 {[%clk 1:31:41]} cxd4 {[%clk 1:31:22]} 4. Nxd4 {[%clk 1:32:02]}
Nf6 {[%clk 1:31:40]} 5. f3 {[%clk 1:31:39]} e5 {[%clk 1:29:01]} 6. Nb3 {[%clk
1:31:50]} Be6 {[%clk 1:28:28]} 7. c4 {[%clk 1:31:39]} a5 {[%clk 1:25:55]} 8. Be3
{[%clk 1:26:04]} a4 {[%clk 1:25:19]} 9. Nc1 {[%clk 1:26:25]} Be7 {[%clk 1:16:54]}
10. Nc3 {[%clk 1:20:35]} Qa5 {[%clk 1:13:23]} 11. Qd2 {[%clk 1:20:49]} O-O {[%clk
1:12:50]} 12. Rb1 {[%clk 1:14:39]} Nc6 {[%clk 1:02:36]} 13. Be2 {[%clk 0:53:06]}
Bd8 {[%clk 0:57:14]} 14. b3 {[%clk 0:49:53]} Bb6 {[%clk 0:57:11]} 15. Bxb6 {[%clk
0:49:16]} Qxb6 {[%clk 0:53:46]} 16. bxa4 {[%clk 0:48:36]} Qa7 {[%clk 0:50:21]}
17. Nb5 {[%clk 0:38:57]} Qxa4 {[%clk 0:53:49]} 18. O-O {[%clk 0:39:16]} Bxc4
{[%clk 0:52:58]} 19. Bxc4 {[%clk 0:37:28]} Qxc4 {[%clk 0:36:21]} 20. Nxd6 {[%clk
0:28:16]} Qa6 {[%clk 0:19:48]} 21. Nxb7 {[%clk 0:19:36]} Rab8 {[%clk 0:31:22]}
22. Nc5 {[%clk 0:28:03]} Qxf1+ {[%clk 0:29:50]} 23. Kxf1 {[%clk 0:28:28]} Rxb1
{[%clk 0:30:14]} 24. Qc2 {[%clk 0:22:58]} Rbb8 {[%clk 0:29:48]} 25. N1d3 {[%clk
0:17:19]} Rfc8 {[%clk 0:27:33]} 26. Qc3 {[%clk 0:14:03]} Nd4 {[%clk 0:18:30]} 27.
Qa5 {[%clk 0:12:03]} h5 {[%clk 0:17:35]} 28. h4 {[%clk 0:08:38]} Ne8 {[%clk
0:10:30]} 29. Kg1 {[%clk 0:03:34]} f6 {[%clk 0:08:07]} 30. Qa4 {[%clk 0:03:11]}
Nd6 {[%clk 0:07:43]} 31. Qd7 {[%clk 0:02:06]} Rd8 {[%clk 0:06:20]} 32. Qe7 {[%clk
0:01:21]} Nf7 {[%clk 0:06:00]} 33. a4 {[%clk 0:00:58]} Rbc8 {[%clk 0:04:14]} 34.
Qb7 {[%clk 0:01:04]} Rb8 {[%clk 0:03:45]} 35. Qa6 {[%clk 0:00:50]} Nb3 {[%clk
0:03:07]} 36. Nxb3 {[%clk 0:00:44]} Rxb3 {[%clk 0:03:03]} 37. Nc5 {[%clk
0:01:11]} Rb2 {[%clk 0:02:39]} 38. Qe6 {[%clk 0:00:43]} Rc2 {[%clk 0:02:39]} 39.
Nd7 {[%clk 0:30:35]} Rdc8 {[%clk 0:00:50]} 40. Nb6 {[%clk 0:30:38]} Rc1+ {[%clk
0:30:42]} 41. Kh2 {[%clk 0:29:52]} Rd8 {[%clk 0:27:15]} 42. a5 {[%clk 0:22:02]}
Ra1 {[%clk 0:25:32]} 43. Nc4 {[%clk 0:21:14]} Kf8 {[%clk 0:24:20]} 44. a6 {[%clk
0:18:53]} Rdd1 {[%clk 0:23:05]} 45. Qc8+ {[%clk 0:15:33]} Rd8 {[%clk 0:18:35]}
46. Qb7 {[%clk 0:10:12]} Rc1 {[%clk 0:18:27]} 47. a7 {[%clk 0:08:52]} Rxc4 {[%clk
0:18:27]} 48. a8Q {[%clk 0:09:07]} Rxa8 {[%clk 0:18:49]} 49. Qxa8+ {[%clk
0:09:35]} Ke7 {[%clk 0:19:13]} 50. Qg8 {[%clk 0:09:27]} g5 {[%clk 0:19:22]} 51.
Kg3 {[%clk 0:07:32]} Rc1 {[%clk 0:18:20]} 52. hxg5 {[%clk 0:07:32]} fxg5 {[%clk
0:18:45]} 53. Qg6 {[%clk 0:06:47]} h4+ {[%clk 0:18:43]} 54. Kg4 {[%clk 0:06:12]}
Rd1 {[%clk 0:18:55]} 55. Qc6 {[%clk 0:06:03]} Rd6 {[%clk 0:19:02]} 56. Qc7+
{[%clk 0:06:19]} Kf6 {[%clk 0:18:11]} 57. Qb8 {[%clk 0:05:09]} Kg7 {[%clk
0:17:20]} 58. Qa8 {[%clk 0:02:34]} 1/2-1/2